000 00661nam a2200241Ia 4500
003 OSt
005 20220918230540.0
006 a|||||r|||| 00| 0
007 ta
008 220917b |||||||| |||| 00| 0 eng d
024 _a255,054
037 _cTextual
040 _aARTS
_cARTS
_beng
041 _2eng
_aeng
082 _aO111,2J83x, L6.2
100 _aEdwards Philip Ed.
_958432
245 0 _aPlays and poems of Philip Massinger
260 _c1976
650 _aENGLISH LITERATURE
700 _a Gibson Colin Ed.
_9152786
942 _hO111,2J83x, L6.2
_cTEXL
_2CC
999 _c288291
_d288291